[Event "LTU-chT 1011"]
[White "Zalimaite, Ieva"]
[Black "Brasciauskas, Gintautas"]
[Site "Lithuania"]
[Round "6"]
[Result "0-1"]
[Date "2011.01.30"]
[WhiteElo "1921"]
[BlackElo "1891"]
[PlyCount "60"]
[EventDate "2010.11.06"]
[EventType "team-tourn"]
[EventRounds "9"]
[EventCountry "LTU"]
[SourceTitle "EXT 2012"]
[Source "ChessBase"]
[SourceDate "2011.11.24"]
[SourceVersion "1"]
[SourceVersionDate "2011.11.24"]
[SourceQuality "1"]

1. c4 Nf6 2. g3 e6 3. Bg2 d5 4. Nf3 Be7 5. 0-0 0-0 6. d3 c5 7. Nc3 Nc6 8. a3 a6 9. Rb1 d4 10. Na2 a5 11. Qc2 h6 12. Bd2 a4 13. b4 axb3 14. Qxb3 e5 15. Nc1 Ne8 16. e3 Nd6 17. exd4 exd4 18. Ne2 g5 19. h4 Kg7 20. Qb2 Bf5 21. hxg5 hxg5 22. Nc1 Rh8 23. Re1 f6 24. Qb6 Qd7 25. Qxc5 Bh3 26. Bh1 Nf7 27. Qd5 Qc7 28. Nxd4 Nxd4 29. Qxd4 Bc5 30. Qd5 Qxg3+ 0-1